书目信息 |
| 题名: |
痛风中西医防治
|
|
| 作者: | 陈艳 , 夏城东 主编 | |
| 分册: | ||
| 出版信息: | 北京 金盾出版社 2006.07 |
|
| 页数: | 161页 | |
| 开本: | 20cm | |
| 丛书名: | ||
| 单 册: | ||
| 中图分类: | R589.7 | |
| 科图分类: | ||
| 主题词: | 痛风 | |
| 电子资源: | ||
| ISBN: | 7-5082-3688-2 | |
| 000 | 00594nam0 2200193 450 | |
| 001 | 0838069815 | |
| 005 | 20081219152154.96 | |
| 010 | @a7-5082-3688-2@dCNY10.00 | |
| 100 | @a20081219d2006 km y0chiy0120 ea | |
| 101 | 0 | @achi |
| 200 | 1 | @a痛风中西医防治@Atong feng zhong xi yi fang zhi@f陈艳,夏城东主编@Fchen yan,xia cheng dong zhu bian |
| 210 | @a北京@c金盾出版社@d2006.07 | |
| 215 | @a161页@d20cm | |
| 606 | 0 | @a痛风 |
| 690 | @aR589.7@v4 | |
| 701 | 0 | @a陈艳@Achen yan@4主编 |
| 701 | 0 | @a夏城东@Axia cheng dong@4主编 |
| 801 | 0 | @aCN@b山东省滨州职业学院图书馆@c20081219 |
| 905 | @aBZT@dR589.7@e2@f5 | |
| 痛风中西医防治/陈艳,夏城东主编.-北京:金盾出版社,2006.07 |
| 161页;20cm |
| ISBN 7-5082-3688-2:CNY10.00 |
| ● |
| 相关链接 |
|
|
|
正题名:痛风中西医防治
索取号:R589.7/2
 
预约/预借
| 序号 | 登录号 | 条形码 | 馆藏地/架位号 | 状态 | 备注 |
| 1 | 0692402 | 2000692402 | 样本书库/样003架A面1层3列/ [索取号:R589.7/2] | 在馆 | |
| 2 | 0692403 | 2000692403 | 中心书库中库/ 中库010架B面3列5层65/ [索取号:R589.7/2] | 在馆 | |
| 3 | 0692404 | 2000692404 | 中心书库中库/ 中库010架B面3列5层59/ [索取号:R589.7/2] | 在馆 | |
| 4 | 0692405 | 2000692405 | 中心书库中库/ 中库010架B面3列5层60/ [索取号:R589.7/2] | 在馆 | |
| 5 | 0692406 | 2000692406 | 中心书库中库/ 中库010架B面3列5层66/ [索取号:R589.7/2] | 在馆 |